000 00292nam a22001337a 4500
008 210312b ||||| |||| 00| 0 eng d
041 _aeng
080 _a61
082 _a61
100 _a3
101 _aSHM
245 _aThe Sclera and Systemic Disorders
_cWatson, P. G
942 _2udc
_cBK
999 _c56567
_d56567